00273nam a2200109Ia 4500020001800000082001500018245002800033260005600061300001300117650001200130700002100142 a9789383445271 a959.1 mya- 0aMyanmar mein parivartan aNew DelhibVishwa Mamlo ke Bharatiya Parishadc2015 axx, 169p aMynamar aBhatia, Rajiv K.